Pagbasa at pagsulat tungo sa pananaliksik ikalawang edisyon (Record no. 7770)

MARC details
000 -LEADER
fixed length control field 00676nam a22002297i 4500
003 - CONTROL NUMBER IDENTIFIER
control field URS
005 - DATE AND TIME OF LATEST TRANSACTION
control field 20220114152859.0
008 - FIXED-LENGTH DATA ELEMENTS--GENERAL INFORMATION
fixed length control field 171104b xxu||||| |||| 00| 0 eng d
020 ## - INTERNATIONAL STANDARD BOOK NUMBER
International Standard Book Number 9789719802709
040 ## - CATALOGING SOURCE
Description conventions rda
Transcribing agency URSP-College LIbrary
Language of cataloging eng
050 ## - LIBRARY OF CONGRESS CALL NUMBER
Classification number PL6054
082 ## - DEWEY DECIMAL CLASSIFICATION NUMBER
Classification number 808.02
Item number P14 2015
245 ## - TITLE STATEMENT
Title Pagbasa at pagsulat tungo sa pananaliksik ikalawang edisyon
264 #1 - PRODUCTION, PUBLICATION, DISTRIBUTION, MANUFACTURE, AND COPYRIGHT NOTICE
Place of production, publication, distribution, manufacture Quezon City
Name of producer, publisher, distributor, manufacturer C and E Pub.
Date of production, publication, distribution, manufacture, or copyright notice 2015.
300 ## - PHYSICAL DESCRIPTION
Extent xii, 301 pages
Dimensions 22cm
336 ## - CONTENT TYPE
Content type term text
Content type code txt
Source rdacontent
337 ## - MEDIA TYPE
Media type term unmediated
Media type code n
Source rdamedia
338 ## - CARRIER TYPE
Carrier type term volume
Carrier type code nc
Source rdacarrier
650 #0 - SUBJECT ADDED ENTRY--TOPICAL TERM
Topical term or geographic name entry element Filipino language--Readers.
650 #0 - SUBJECT ADDED ENTRY--TOPICAL TERM
Topical term or geographic name entry element Filipino language--Rhetoric.
942 ## - ADDED ENTRY ELEMENTS (KOHA)
Koha item type Filipiniana
Source of classification or shelving scheme Library of Congress Classification
Holdings
Withdrawn status Source of classification or shelving scheme Damaged status Not for loan Collection code Home library Current library Shelving location Date acquired Source of acquisition Total Checkouts Full call number Barcode Date last seen Copy number Price effective from Koha item type
  Library of Congress Classification     Non-fiction Pililla College Library Pililla College Library General Stacks 02/29/2016 purchased   808.066 P14 2015 URSPIL-5566 07/24/2018 1 02/29/2016 Filipiniana
  Library of Congress Classification     Non-fiction Pililla College Library Pililla College Library General Stacks 02/29/2016 purchased   808.066 P14 2015 URSPIL-5567 07/24/2018 2 02/29/2016 Filipiniana

University of Rizal System
Email us at univlibservices@urs.edu.ph

Visit our Website www.urs.edu.ph/library